<?xml version="1.0" encoding="UTF-8"?>
<record
    xmlns:xsi="http://www.w3.org/2001/XMLSchema-instance"
    xsi:schemaLocation="http://www.loc.gov/MARC21/slim http://www.loc.gov/standards/marcxml/schema/MARC21slim.xsd"
    xmlns="http://www.loc.gov/MARC21/slim">

  <leader>00487    a2200133   4500</leader>
  <datafield tag="020" ind1=" " ind2=" ">
    <subfield code="a">9788461680948</subfield>
  </datafield>
  <datafield tag="082" ind1=" " ind2=" ">
    <subfield code="a">708</subfield>
    <subfield code="b">C334e</subfield>
  </datafield>
  <datafield tag="110" ind1=" " ind2=" ">
    <subfield code="a">La Casa Encendida</subfield>
    <subfield code="9">711</subfield>
  </datafield>
  <datafield tag="245" ind1=" " ind2=" ">
    <subfield code="a">En casa 2013: Dil&#x300;ogos Autn&#x324;omos </subfield>
    <subfield code="b">Autonomous Dialogues</subfield>
  </datafield>
  <datafield tag="260" ind1=" " ind2=" ">
    <subfield code="a">Espa&#x105;</subfield>
    <subfield code="b">La Casa Encendida, Caja Madrid Fundacin&#x324;</subfield>
    <subfield code="c">2013</subfield>
  </datafield>
  <datafield tag="300" ind1=" " ind2=" ">
    <subfield code="a">221 p</subfield>
    <subfield code="b">ill. (col.)</subfield>
    <subfield code="c">24 cm</subfield>
  </datafield>
  <datafield tag="650" ind1=" " ind2=" ">
    <subfield code="a">Catl&#x300;ogo</subfield>
    <subfield code="x">Coleccin&#x324;</subfield>
    <subfield code="x">Arte moderno</subfield>
    <subfield code="x">Instalacion de arte</subfield>
    <subfield code="x">Intervenciones espaciales</subfield>
    <subfield code="z">Espa&#x105;</subfield>
    <subfield code="9">712</subfield>
  </datafield>
  <datafield tag="710" ind1=" " ind2=" ">
    <subfield code="a">La Casa Encendida</subfield>
    <subfield code="9">713</subfield>
  </datafield>
  <datafield tag="999" ind1=" " ind2=" ">
    <subfield code="c">145</subfield>
    <subfield code="d">145</subfield>
  </datafield>
  <datafield tag="952" ind1=" " ind2=" ">
    <subfield code="0">0</subfield>
    <subfield code="1">0</subfield>
    <subfield code="2">ddc</subfield>
    <subfield code="4">0</subfield>
    <subfield code="7">0</subfield>
    <subfield code="a">LV</subfield>
    <subfield code="b">LV</subfield>
    <subfield code="c">Pensamiento</subfield>
    <subfield code="d">2014-05-22</subfield>
    <subfield code="l">0</subfield>
    <subfield code="o">708 C334e</subfield>
    <subfield code="p">003976</subfield>
    <subfield code="r">2014-05-22 00:00:00</subfield>
    <subfield code="w">2014-05-22</subfield>
    <subfield code="y">01</subfield>
  </datafield>
  <datafield tag="952" ind1=" " ind2=" ">
    <subfield code="0">0</subfield>
    <subfield code="1">0</subfield>
    <subfield code="2">ddc</subfield>
    <subfield code="4">0</subfield>
    <subfield code="7">0</subfield>
    <subfield code="a">LV</subfield>
    <subfield code="b">LV</subfield>
    <subfield code="c">Monograf&#xED;as</subfield>
    <subfield code="d">2017-12-02</subfield>
    <subfield code="l">0</subfield>
    <subfield code="o">708 C334e</subfield>
    <subfield code="p">003992</subfield>
    <subfield code="r">2017-12-02 00:00:00</subfield>
    <subfield code="w">2017-12-02</subfield>
    <subfield code="y">01</subfield>
  </datafield>
</record>
